00684nam a22001937a 450000500170000001000150001702000260003203500140005803700130007208200170008510000170010224501540011924600060027326000540027927000530033330000350038650000500042170000190047120161110144440.0 aENG-116512 a9789350980934c350.00 aEN-100044 bDBAD/PUB a327.17209546 aSingh,Shweta aConnectors and dividers :cby Shweta Singh [and] Marie Nissankabthe challenges and prospects for conflict transformation in Kashmir and Sri Lanka / a  aNew DelhibManohar Publisher & Distributorsc2014 a4753/23 Ansari Road,DaryaganjbNew Delhie110002 a298p. :c22cm (Hb)bill (maps) aIncludes bibliographical references and index aMarie Nissanka